| Tag |
First Indicator |
Second Indicator |
Subfields |
| LEADER |
00000cam a2200000 a 4500 |
| 001 |
in00000091630 |
| 005 |
20150923131701.0 |
| 008 |
820615s1974 nyua j b 00110 eng d |
| 010 |
|
|
|z 73-7128
|
| 020 |
|
|
|a 039528841X
|
| 035 |
|
|
|a (OCoLC)08520373
|
| 035 |
|
|
|9 AAK6961AM
|
| 040 |
|
|
|a TXG
|c TXG
|d TXA
|d UtOrBLW
|
| 049 |
|
|
|a [Curr Col] TXAM
|c [388683]
|
| 090 |
|
|
|a GT4925
|b B32 1974a
|
| 092 |
|
|
|a 394.2683
|b Ba
|
| 100 |
1 |
|
|a Barth, Edna.
|
| 245 |
1 |
0 |
|a Hearts, cupids, and red roses :
|b the story of the Valentine symbols /
|c by Edna Barth ; illustrated by Ursula Arndt.
|
| 264 |
|
1 |
|a New York :
|b Houghton Mifflin/Clarion Books,
|c [1974]
|
| 264 |
|
4 |
|c ©1974
|
| 300 |
|
|
|a 64 pages :
|b illustrations (some color) ;
|c 26 cm.
|
| 336 |
|
|
|a text
|b txt
|2 rdacontent
|
| 337 |
|
|
|a unmediated
|b n
|2 rdamedia
|
| 338 |
|
|
|a volume
|b nc
|2 rdacarrier
|
| 500 |
|
|
|a Includes index.
|
| 504 |
|
|
|a Bibliography: pages 62-63.
|
| 520 |
|
|
|a The history of Valentine's Day and the little-known stories behind its symbols.
|
| 650 |
|
0 |
|a Valentine's Day
|v Juvenile literature.
|
| 700 |
1 |
|
|a Arndt, Ursula.
|
| 999 |
|
|
|a MARS
|
| 999 |
f |
f |
|s ca091083-cbe7-3354-97df-8bf99cd72bc4
|i dc943174-b085-3792-b07a-98acee9bf19a
|t 0
|
| 952 |
f |
f |
|p ric
|a Texas A&M University
|b Rellis Campus
|c Joint Library Facility
|d Remote Storage
|t 0
|e GT4925 B32 1974a
|h Library of Congress classification
|i unmediated -- volume
|m A14806018553
|
| 998 |
f |
f |
|a GT4925 B32 1974a
|t 0
|l Remote Storage
|